Foundations of Business Law

Uložené v:
Podrobná bibliografia
Hlavný autor: Scaletta, Phillip J.
Ďalší autori: Cameron, George D.
Médium: Kniha
Jazyk:English
Vydavateľské údaje: Homewood Irwin 1990
Vydanie:2. ed.
Predmet:
Tagy: Pridať tag
Žiadne tagy, Buďte prvý, kto otaguje tento záznam!

MARC

LEADER 00000nam a2200000 4500
001 c003751
005 20240325111410.5
020 |a 0-256-08266-9 
041 0 |a eng 
044 |a US 
245 1 0 |a Foundations of Business Law  |c Phillip J. Scaletta, George D. Cameron 
250 |a 2. ed. 
264 1 |a Homewood  |b Irwin  |c 1990 
300 |a 923 s. 
610 2 0 |a právo obchodné 
610 2 0 |a kontrakty 
610 2 0 |a predaj 
610 2 0 |a spoločnosti obchodné 
610 2 0 |a veritelia 
610 2 0 |a dlžníci 
610 2 0 |a legislatíva 
610 2 0 |a vlastníctvo 
100 1 |a Scaletta, Phillip J. 
700 1 |a Cameron, George D.